000 00940nas a2200265 4500
001 BR9204103
003 BR-BrBNA
005 20231205092705.0
007 ta
008 230509b bl.|||p| |||| 00| 00por d
040 _aBR-BrBNA
_bpor
_cBiblioteca Nacional de Agricultura
041 _a(Pt)
072 _aF03; F01
100 1 _aPerez, S.C.J.G. de A.
100 1 _aMoraes, J.A.P.V. de
245 1 _aEfeito da cumarina e de sua interacao com giberelina na germinacao de Prosopis juliflora (Sw)D.C.
246 1 _aEffects of coumarin and its interaction with gibberelic acid on the germination of Prosopis juliflora (Sw)D.C.
650 _aALGAROBA
650 _aSEMENTE
650 _aACIDO GIBERELICO
650 _aREGULADOR DE CRESCIMENTO
773 0 _tPesquisa Agropecuaria Brasileira (Brazil)
_xISSN 0100-204X
_g(Sep 1991), v. 26(9) p. 1493-1501
_wBR9204103
909 _a202311
_bLúcia
_c55
_dLúcia Elande
942 _2AGRIS
_n0
_cANA
999 _c133431
_d133431